Uncle Tom's Cabin (Record no. 36712)

MARC details
000 -LEADER
fixed length control field 00616nam a2200181Ia 4500
020 ## - INTERNATIONAL STANDARD BOOK NUMBER
ISBN 9780679443650
050 ## - CALL MARK
Classification number PS 2954 .S76/
100 ## - STATEMENT OF RESPONSIBILITY--MAIN AUTHOR NAME
Personal name Stowe, Harriet Beecher.
245 #0 - TITLE STATEMENT
Title Uncle Tom's Cabin
260 ## - PUBLICATION, DISTRIBUTION, ETC. (IMPRINT)
Place of publication New york
260 ## - PUBLICATION, DISTRIBUTION, ETC. (IMPRINT)
Name of publisher A.A. Knopf
260 ## - PUBLICATION, DISTRIBUTION, ETC. (IMPRINT)
Year of publication 1995
300 ## - PHYSICAL DESCRIPTION
Number of Pages 494 p
650 ## - SUBJECT ADDED ENTRY--TOPICAL TERM
Topical Term Uncle Tom (Fictitious character)--Fiction. Master and servant--Fiction. African Americans--Fiction. Fugitive slaves--Fiction. Plantation life--Fiction. Slavery--Fiction. Slaves--Fiction. Southern States--Fiction.
942 ## - ADDED ENTRY ELEMENTS (KOHA)
Koha item type Books
Holdings
Withdrawn status Lost status Source of classification or shelving scheme Damaged status Not for loan Permanent Location Current Location Date acquired Accession Number Price effective from Koha item type
    Library of Congress Classification     NILE UNIVERSITY OF NIGERIA - MAIN LIBRARY NILE UNIVERSITY OF NIGERIA - MAIN LIBRARY 04/23/2025 0190995 04/23/2025 Books